000
00324nam a2200133Ia 4500
008
240624s9999 xx 000 0 und d
041
_a
eng
082
_a
920 SOM
100
_a
BY SOMIAH CG
245
_a
HONEST ALWAYS STAND ALONE
260
_c
2010
_a
New Delhi
_b
Niyogi Books
300
_a
271 : p. : cm. ; 20
365
_c
RS
999
_c
21072
_d
21072